|
|
|
|
| LEADER |
01396nam a2200373 a 4500 |
| 001 |
000749440 |
| 003 |
CZ BrMZK |
| 005 |
20041214140320.0 |
| 007 |
ta |
| 008 |
041111s2004 xr a erp 000 0 cze d |
| 015 |
|
|
|a cnb001414524
|
| 020 |
|
|
|a 80-244-0854-6
|q (brož.)
|
| 035 |
|
|
|a (OCoLC)85117699
|
| 040 |
|
|
|a BOA001
|b cze
|
| 072 |
|
7 |
|a 37
|x Výchova a vzdělávání
|2 Konspekt
|9 22
|
| 072 |
|
7 |
|a 37.016
|x Učební osnovy. Vyučovací předměty. Učebnice
|2 Konspekt
|9 22
|
| 080 |
|
|
|a 371.133
|2 MRF
|
| 080 |
|
|
|a 37.012
|2 MRF
|
| 080 |
|
|
|a (075.8)
|2 MRF
|
| 100 |
1 |
|
|a Musilová, Marcela
|7 mzk2004225138
|4 aut
|
| 245 |
1 |
0 |
|a Individuální praxe :
|b metodika a cvičebnice /
|c Marcela Musilová
|
| 250 |
|
|
|a 1. vyd.
|
| 260 |
|
|
|a Olomouc :
|b Univerzita Palackého,
|c 2004
|
| 300 |
|
|
|a 55 s. :
|b il. ;
|c 21 cm
|
| 500 |
|
|
|a Nad názvem: Univerzita Palackého v Olomouci, Pedagogická fakulta
|
| 504 |
|
|
|a Obsahuje bibliografii
|
| 521 |
8 |
|
|a Určeno pro studenty prezenčního a kombinovaného studia
|
| 650 |
0 |
7 |
|a pedagogická praxe
|7 ph124011
|2 czenas
|
| 650 |
0 |
7 |
|a pedagogický výzkum
|7 ph124017
|2 czenas
|
| 655 |
|
7 |
|a učebnice vysokých škol
|7 fd133772
|2 czenas
|
| 710 |
2 |
|
|a Univerzita Palackého.
|b Pedagogická fakulta
|7 kn20010709375
|
| 910 |
|
|
|a BOA001
|b 2-1142.304
|
| 990 |
|
|
|a BK
|
| 996 |
6 |
|
|b 2610233274
|c 2-1142.304
|l MZK
|r Sklad / do 1 hodiny
|n 4
|p p.v.
|w 000749440
|u 000010
|a 1
|e BOA001
|j MZK50
|s P
|